000 01468cam a22002174a 4500
005 20250605163950.0
008 250528s ||||||||||||||||||||||||d
035 _a15337
020 _a712110518
040 _aGR-AtMCL
_bgre
_dGR-AtMCL
_eAACR2
245 1 _aHuman Resources Management / Eighth Edition
250 _a8th
260 _bM&E Handbooks,
_c1995
300 _a440
520 _aThis book is ideal for students and professionals who want to grasp the essentials of a subject quickly and thoroughly. Preface, Work Psychology, Elementary Individual Psychology, Motivation in Work, Learning, Individual Differences, Interviewing, Physical and Psychological Conditions of Work, Social Psychology at Work, Leadership and Participation, Communications and Change, Other Influences on Employee Behavior, Personnel Management, Human Resources Planning, Job Analysis and Job Specification, Recruitment and Selection, Promotion and Transfer and Demotion and Retirement, Resignation and Dismissal, Labor Turnover, Appraisal, Training Principles and Administration, Training Methods, Job Evaluation, Wages and Salaries, Safety Conditions of Employment, Personnel Records and Statistics, Employee Relations, European Union Dimensions of personnel Management, International Comparisons in Human Resources Management Practice, Appendices, Index.
700 1 _aBennett Roger
_91002
700 1 _aGraham H.T
_91239
942 _cBK
999 _c927
_d927